000 00294nam a22001337a 4500
008 170203b xxu||||| |||| 00| 0 eng d
020 _a9780138157401
041 _aeng
080 _a61
100 _a3
101 _aSHM
245 _aECVELLING IN THE EXTERNSHIP
_cBENDER, K.H
942 _2udc
_cBK
999 _c4403
_d4403